| 000 | 00698nam a22001937a 4500 | ||
|---|---|---|---|
| 005 | 20240725100443.0 | ||
| 008 | 240723b ||||| |||| 00| 0 eng d | ||
| 020 | _a0805817956 | ||
| 040 | _cAL | ||
| 041 | _aeng | ||
| 082 |
_223 _a324.014 _bPERP |
||
| 100 |
_aRichard M Perloff _9174008 |
||
| 245 | _aPolitical communication: politics press and public in America | ||
| 260 |
_aLondon _bLawrence Erlbaum Associates Publishers _c1998 |
||
| 300 |
_ax,492p. _bPB _c23x14cm. |
||
| 520 | _aMass Media and government institutions; political communication theories and effects. communication and the presidential election. | ||
| 650 |
_2Political Science _aPolitical process _9174009 |
||
| 942 |
_2ddc _cBK |
||
| 999 |
_c231507 _d231507 |
||